|
|
|
|
| LEADER |
00972nab#a2200349#ar4500 |
| 001 |
000041003 |
| 003 |
SVKKK |
| 005 |
00000000000000.0 |
| 008 |
c xo e sloo |
| FMT |
|
|
|
| 038 |
|
|
|a SVKKK
|
| 040 |
|
|
|a SVKKK
|b slo
|e AACR2
|
| 041 |
1 |
|
|a slo
|h HUN
|
| 044 |
|
|
|a xo
|c SK
|
| 080 |
|
|
|a 726.71:28
|2 1981
|
| 100 |
1 |
|
|a Tiszai Nagy, Menyhért
|4 aut
|
| 242 |
1 |
|
|b Zaujímavé stavby - stavebné zaujímavosti
|
| 242 |
1 |
0 |
|a Prepoštstvo v Lelesi
|
| 245 |
1 |
0 |
|a A leleszi prépostság :
|b Érdekes épületek - épületek érdekességei
|c Tiszai Nagy Menyhért, , Tiszai Nagy Menyhért
|
| 300 |
|
|
|b Fotogr. 3
|
| 650 |
0 |
4 |
|a budova historická
|x informácie
|
| 650 |
0 |
4 |
|a dejiny prepoštstva
|
| 650 |
0 |
4 |
|a premonštráti
|
| 700 |
1 |
|
|a Tiszai Nagy, Menyhért
|4 aut
|
| 773 |
0 |
|
|t Életünk
|g Roč. 3, č. 5(1998), s. [24]
|
| 957 |
|
|
|a Leles
|
| 958 |
|
|
|a TV
|
| 974 |
|
|
|d 980323
|a Fa
|
| 992 |
|
|
|a RBX
|
| BAS |
|
|
|
| 852 |
|
|
|a SVKKK
|b BIB
|
| 998 |
|
|
|a REG
|